000
00292nam a2200109Ia 4500
008
200302s9999 xx 000 0 und d
100
_a
Tony Hiss
245
_a
Building Images : Seventy years of Photography at Hedrich Blessing
260
_b
Chronicle Books
260
_c
2000
300
_a
192 P.,
999
_c
3838
_d
3838